Responses for show #8367 - Tuesday, March 30, 2021

Champion's winnings & consolation amounts matched to HealthCorps.

Contestants

[<< previous game]

Amanda Gaspary, a curriculum specialist from Lakeland, Florida

Jean Westcott, a book publishing professional from Woodbridge, Virginia

Bryce Hwang, a medical student from Santa Clara, California (whose 1-day cash winnings total $28,400)

[next game >>]

Jeopardy! Round responses

HISTORY
PARK THEMES
12-LETTER WORDS
KIPLING CHARACTERS
KIM
MOGUL "E"
    $200 13
Barbarians

Bryce
    $200 14
Jurassic Park

Jean
    $200 19
kindergarten

Bryce
    $200 24
blindness

Bryce
    $200 9
Kim Kardashian

Amanda
    $200 26
E-Trade

Jean
    $400 4
Mexico

Bryce
    $400 15
Central Park

Bryce
    $400 20
confidential

Bryce
    $400 12
Willie (Wee Willie Winkie)

Jean
    $400 7
Vertigo

Triple Stumper
    $400 27
Ellison

Bryce
    $600 3
Princeton

Bryce
    $600 16
It's A Small World

Bryce
    $600 21
rambunctious

Amanda
    $600 8
engineer

Jean
    $600 6
Canada

Bryce
    $600 28
energy

Bryce
    $800 2
Zulu

Jean
    $800 17
a skate park

Amanda
    $800 22
(Amanda: What is beatification?)

canonization

JeanAmanda
    $2,000 11
Gunga Din

Bryce
    $800 5
the Marlins

Jean
    $800 30
Ericsson

Jean
    $1000 1
Mesopotamia

Bryce
    $1000 18
"Eye Of The Tiger"

Jean
    $1000 23
bodybuilding

Jean
    $1000 25
(Bryce: What is... Mowgli?)

bhalu

BryceAmanda
    $1000 10
(Amanda: Who is Kim Jong-un?)
...
(Mehmet: Yes, the father of King Jong-un.)

Kim Jong-il

BryceAmanda
    $1000 29
(Bryce: What is... E-Prescriptions?)

Express Scripts

BryceJean

Scores at the first commercial break (after clue 17):

Bryce Jean Amanda
$6,800 $2,800 $0

Scores at the end of the Jeopardy! Round:

Bryce Jean Amanda
$6,600 $7,600 $800

Double Jeopardy! Round responses

LAKES & RIVERS
THE OLD TESTAMENT
FOOD LABELS & FABLES
ABBREV. TV
SCIENCE CLASS
A "HA"!
(Mehmet: All of the responses are going to start with "H-A".)
    $400 22
(Jean: What is Jericho?)

Jordan

JeanAmanda
    $400 7
Deuteronomy

Jean
    $400 24
cheese

Bryce
    $400 1
Good Morning America

Bryce
    $400 20
chlorophyll

Bryce
    $400 19
hardwood

Bryce
    $800 23
Lake Victoria

Bryce
    $800 3
(Amanda: What is Corinthians?)

Chronicles

BryceAmanda
    $800 25
cherries

Bryce
    $800 11
American Horror Story

Jean
    $800 21
hydrogen

Bryce
    $800 18
handlebar

Amanda
    $7,000 2
Erie

Bryce
    $1200 4
Samuel

Bryce
    $1200 28
truffle

Jean
    $1200 10
One Life to Live

Bryce
    $1200 14
the Pacific

Jean
    $1200 17
haunch

Bryce
    $1600 26
the Rhône

Bryce
    $5,000 6
Lamentations

Bryce
    $1600 29
saffron

Jean
    $1600 9
(Mehmet: Adama was the commander.)

Battlestar Galactica

Triple Stumper
    $1600 13
(Jean: What is the maxilla?)

the mandible

BryceJean
    $1600 16
a harlequin

Amanda
    $2000 27
the Vistula

Bryce
    $2000 5
Malachi

Triple Stumper
    $2000 30
adulteration

Triple Stumper
    $2000 8
Captain Kangaroo

Jean
    $2000 12
torque

Bryce
    $2000 15
a harbinger

Amanda

Scores at the end of the Double Jeopardy! Round:

Bryce Jean Amanda
$34,200 $12,800 $4,800
(lock game)

[wagering suggestions for these scores]

Final Jeopardy! Round responses

AMERICAN HISTORY
(Mehmet: [To Amanda] Junius Booth was mad at the president for not pardoning two pirates.)
...
(Mehmet: George Bush.)
[Jean chuckles]
(Mehmet: He wasn't that old.)
[Laughter]
(Jean: H.W.)
[More laughter]
[NOTE: Edwin [*] was already born when Junius [*] sent the letter.]
AmandaWho is John Wilkes Booth?
$4,800
JeanWho George HW Bush?
$12,798
BryceWho is Booth?
$6,000
(John Wilkes) Booth

Final scores:

Bryce Jean Amanda
$40,200 $2 $9,600
2-day champion: $68,600 3rd place: $1,000 2nd place: $2,000

Game dynamics:

Coryat scores:

Bryce Jean Amanda
$23,800 $12,800 $4,800
31 R
(including 3 DDs),
2 W
17 R,
2 W
8 R,
3 W

Combined Coryat: $41,400

The J! Archive is created by fans, for fans. The Jeopardy! game show and all elements thereof, including but not limited to copyright and trademark thereto, are the property of Jeopardy Productions, Inc. and are protected under law. This website is not affiliated with, sponsored by, or operated by Jeopardy Productions, Inc. Join the discussion at JBoard.tv.